01021nam a22002657a 45000010005000000030006000050050017000110080041000280200018000690400029000870500015001160820010001311000032001412450095001732500028002682600029002963000045003255050007003705200241003775210019006185210018006376500045006556500023007007000032007235027FISKH20250327110955.0241101b cb ||||| |||| 00| 0 eng d a9781406314076 aFISKHbengcFISKHdFISKH aPZ7.M33595 2813.6 aRey, Margretd(1906–1996) aCurious George visits the library /cIllustrated in the style of H.A. Rey by Martha Weston aFirst published in 2008 aLondon :bWalker,c2008. a24 pages :bcolor illustrations ;c21 cm aG  aGeorge is lucky to arrive at the library just in time for story hour. But it's not easy for a little monkey to sit still too long. From selecting books to getting his very own library card, George's day at the library makes reading fun.8 a370 bLexile 8 aG bRaz-Plus  2Picture bookaMonkeysvCommunity helpers 2LibrariesaAnimals aWeston, Marthadillustrator